|
|
|
|
| LEADER |
00779pam a22002178a 4500 |
| 001 |
00019981 |
| 005 |
20171026081025.0 |
| 008 |
110509s1986 ||||||Viesd |
| 041 |
0 |
# |
|a Vie
|
| 082 |
1 |
# |
|a 895.922 13
|b T527T
|
| 100 |
0 |
# |
|a Hoàng Anh Nhân
|e Tuyển lựa và giới thiệu
|
| 245 |
0 |
0 |
|a Tuyển tập truyện thơ Mường
|c Hoàng Anh Nhân
|n T.1
|
| 260 |
# |
# |
|a H.
|b Khoa học xã hội
|c 1986
|
| 300 |
# |
# |
|a 482 tr.
|c 19 cm.
|
| 500 |
# |
# |
|a ĐTTS ghi: Sở văn hóa thông tin Thanh Hóa
|
| 650 |
# |
7 |
|2 Dân tộc thiểu số
|a Truyện
|
| 653 |
# |
# |
|a Thơ
|
| 852 |
# |
# |
|b Kho đọc
|j KD.0005148
|
| 852 |
# |
# |
|j KD.0005148
|
| 910 |
|
|
|d 09/05/2011
|
| 980 |
# |
# |
|a Trung tâm Học liệu Lê Vũ Hùng, Trường Đại học Đồng Tháp
|